00346nam a2200133Ia 4500008004100000100002700041245006400068250001200132260001500144300001300159650001600172942000700188999001700195190216s9999||||xx |||||||||||||| ||und|| aJanardhanan Pillay .cp 0aFirst Year Bsc Main. Algebra Calculus And Analytic Geometry a1st Ed. bNullc1989 apage-132 aMathematics cBK c31023d31023